Introductory statistics using SPSS (Record no. 25863)

MARC details
000 -LEADER
fixed length control field 00487nam a2200181Ia 4500
008 - FIXED-LENGTH DATA ELEMENTS--GENERAL INFORMATION
fixed length control field 230917s9999||||xx |||||||||||||| ||und||
020 ## - ISBN
Price USD80
040 ## - CATALOGING SOURCE
-- 245739
Original cataloging agency VIVEKANANDA LIBRARY
041 ## - Language
-- English
082 ## - DDC NUMBER
Classification number 005.55 K727I(2)
100 ## - MAIN ENTRY--PERSONAL NAME
Personal name Knapp, Herschel
245 #0 - TITLE STATEMENT
Title Introductory statistics using SPSS
250 ## - EDITION STATEMENT
Edition statement 2nd ed.
260 ## - PUBLICATION, DISTRIBUTION, ETC. (IMPRINT)
Place of publication, distribution, etc California
Name of publisher, distributor, etc Sage Publications
Date of publication, distribution, etc 2017
300 ## - PHYSICAL DESCRIPTION
Pages xxv, 286 p.
500 ## - GENERAL NOTE
General note 3037 05/02/2018 HBD18/7361 16/03/2018 Main Budget
942 ## - ADDED ENTRY ELEMENTS (KOHA)
Koha item type Books
Holdings
Withdrawn status Lost status Damaged status Not for loan Location (home branch) Sublocation or collection (holding branch) Date acquired Koha issues (times borrowed) Koha full call number Accession No. Koha date last seen Koha item type Shelving location
        VIVEKANANDA LIBRARY VIVEKANANDA LIBRARY 09/04/2018 3 005.55 K727I(2) 369456 05/02/2025 Books  
        VIVEKANANDA LIBRARY VIVEKANANDA LIBRARY 09/04/2018 1 005.55 K727I(2) 373550 14/10/2023 Books IMSAR Library
© Designed and Maintained by Vivekananda Library, MDU Rohtak